Modelovanie kreditného rizika v retailovom bankovníctve dizertačná práca
Saved in:
| Main Author: | |
|---|---|
| Corporate Author: | |
| Other Authors: | |
| Format: | Book |
| Language: | Slovak |
| Published: |
Bratislava
2014
|
| Subjects: | |
| Tags: |
No Tags, Be the first to tag this record!
|
MARC
| LEADER | 00000nbm a2200000 4500 | ||
|---|---|---|---|
| 001 | 0191739 | ||
| 005 | 20240523074156.3 | ||
| 041 | 0 | |a slo | |
| 044 | |a SK | ||
| 245 | 1 | 0 | |a Modelovanie kreditného rizika v retailovom bankovníctve |b dizertačná práca |c Martin Lopatník ; školiteľ: Juraj Pekár |
| 264 | 1 | |a Bratislava |c 2014 | |
| 300 | |a 117 s. | ||
| 610 | 2 | 0 | |a bankovníctvo retailové |
| 610 | 2 | 0 | |a riziko bankové |
| 610 | 2 | 0 | |a úver bankový |
| 610 | 2 | 0 | |a modelovanie |
| 100 | 1 | |a Lopatník, Martin | |
| 700 | 1 | |a Pekár, Juraj, 1972- | |
| 710 | 2 | |a Fakulta hospodárskej informatiky EU. Katedra operačného výskumu a ekonometrie | |